Sedání základů plošně zakládaných staveb

Podrobná bibliografia
Hlavný autor: Havlíček, Josef (Autor)
Médium: Článok
Jazyk:slovenčina
čeština
PhysicalDescription:Obr. 15. Tb. 3.
Predmet:

MARC

LEADER 00000nab a2200000 a 4500
001 vtls000123893
003 SK-MaSNL
005 20260304045745.0
008 250422c1982 xo 0 slo
015 |a SNBRB19rr/mm-uuuuu 
035 |a CL0133998 
035 |a urn:nbn:sk:snk-ab2qp2 
035 |a (urnnbn)urn:nbn:sk:snk:ar-a02tcc 
035 |a (uuid)9668b4ee-4161-4df1-97cd-51a09901e6bb 
040 |a SNKBUCL  |b slo  |c SNKBUCL  |e AACR2 
041 0 |a cze 
044 |a xo  |c SK 
080 |a 69  |2 1981 
080 |a 624  |2 1981 
100 1 |a Havlíček, Josef  |4 aut  |9 364659 
245 1 0 |a Sedání základů plošně zakládaných staveb  |c Josef Havlíček 
300 |b Obr. 15. Tb. 3. 
650 0 7 |a stavby  |2 snkbucl  |9 2983 
655 7 |a články z novín a časopisov  |2 snkbucl  |9 267496 
773 0 |t Inženýrské stavby  |g Roč. 30, č. 7 (1982), s. 327-340 
850 |a Slovenská národná knižnica 
852 |a Slovenská národná knižnica 
954 |a odborná, vedecká literatúra cudzojazyčná (svetová)  |2 lita 
958 |a article2022 
958 |a RK 
958 |a CZ 
958 |a OND 
958 |a EUIPO 
992 |a RBX 
999 |c 2694313  |d 2696243